000 00458nam a2200181Ia 4500
001 18853
005 20260306171701.0
008 260306s9999||||xx |||||||||||||| ||und||
041 _aESP
082 _a658.5
_bV66
100 _aVillaseñor Contreras, Alberto
_eAUT
245 0 _aManual de Lean ManufacturIngeniería Guía básica
260 _c2017
300 _a116 páginas :
_c28 cm.
650 _aGEN
654 _aCII
942 _cLIB
_dJUS
_fJUS
_2ddc
_n
999 _c18853
_d18853